Datum a čas kvízu
18.5
Celkem bodů
Celkový počet nahraných bodů na tomto kvízu bez doplňovacích otázek.
7.
Pořadí na kvízu
Konečné umístění týmu na tomto kvízu.
Zaznamenané odpovědi
| # | Otázka | Odpověď | Body | Výsledky |
|---|---|---|---|---|
| 1. | Poblíž které jihočeské obce by... | Lety | 0 | |
| 2. | V noci ze středy na čtvrtek do... | Moulin Rouge | 0 | |
| 3. | Mezinárodní filmový festival K... | Ivan Trojan | 0 | |
| 4. | Mobilní síť jednoho českého op... | Vodafone | 1 | |
| 5. | V dohrávce 29. kola fotbalové... | Arsenal, 5:0 | 0.5 | |
| 6. | Sugo all'amatriciana patří mez... | guanciale; pecorino | 0.5 | |
| 7. | Napište zakrytou značku zobraz... | Kikkoman | 0 | |
| 8. | Když se řekne omáčka, určitě s... | 15 | 0 | |
| 9. | Město Worcester dalo jméno jed... | C; ločidlo | 0 | |
| 10. | Jak se označuje tato jednoduch... | velouté | 0 |